La plus grande ville du monde en "F", "G" ou "H" par deuxième lettre - Statistiques

Statistiques générales
  • Ce quiz a été pris 39 fois
  • Le résultat moyen est 8 sur 20
Réponses sur la Carte
Les réponses sont colorées sur une échelle allant du rouge au vert en fonction du pourcentage des utilisateurs qui les ont devinées à leur premier essai. Vous pouvez retrouver ces pourcentages ci-dessous.
 
Statistiques - réponses
Population Pays Ville % Correct
1 689 000 Royaume-Uni Gl{asgow}
95%
1 268 000 Maroc Fè{s}
92%
1 274 000 Sierra Leone Fr{eetown}
78%
9 087 000 Viêt Nam Ho {Chi Minh Ville}
78%
2 072 000 Japon Hi{roshima}
73%
5 344 000 Mexique Gu{adalajara}
62%
10 545 000 Inde Hy{derabad}
49%
3 629 000 Pakistan Fa{isalabad}
41%
1 774 000 Turquie Ga{ziantep}
38%
8 053 000 Chine Ha{ngzhou}
35%
603 000 Etats-Unis Gr{and Rapids}
27%
4 501 000 Chine He{fei}
27%
7 501 000 Chine Fo{shan}
24%
3 847 000 Chine Fu{zhou}
24%
1 279 000 Brésil Fl{orianopolis}
22%
2 803 000 Brésil Go{iania}
22%
1 526 000 Corée du Sud Gw{angju}
22%
794 000 Turquie Ge{bze}
8%
871 000 Inde Fi{rozabad}
3%
2 884 000 Chine Hu{aiyin}
3%
Aucun quiz correspondant
Distribution des résultats
% des personnes avec chaque résultat
Percentile par nombre de réponses
Votre historique - résultats
Vous n’avez pas pris ce quiz